000 00552nam a2200169Ia 4500
005 20210403120629.0
008 130821s2007 ck gr spa
020 _a9789586536219
040 _aCo-BoUCM
_bspa
_cDeissy Garcia (modificó)
_d[Nuevo]
041 0 0 _aspa
100 1 _aRestrepo, Juan Camilo
_9102919
245 1 0 _aDerecho presupuestal Colombiano
_cJuan Camilo Restrepo
260 _aBogotá (Colombia)
_bLegis
_c2007
300 _a509 páginas
942 _cLIBRO
_a8
_e1
_mR436d
_2DEWEY
_h343.034861
999 _c57049
_d57049